Marketing für ethische Pharmazeutika im deutschen Gesundheitsmarkt der 90er Jahre Inaugural - Dissertation

Salvato in:
Dettagli Bibliografici
Autore principale: Uhlmann, Bernd
Natura: Libro
Lingua:tedesco
Pubblicazione: Frankfurt am Main Johan Wolfgang Goethe Universität 1989
Edizione:1. Aufl.
Tags: Aggiungi Tag
Nessun Tag, puoi essere il primo ad aggiungerne!!

MARC

LEADER 00000nam a2200000 4500
001 c037135
005 20221206131450.3
041 0 |a ger 
044 |a DE 
245 1 0 |a Marketing für ethische Pharmazeutika im deutschen Gesundheitsmarkt der 90er Jahre  |b Inaugural - Dissertation  |c Bernd Uhlmann 
250 |a 1. Aufl. 
264 1 |a Frankfurt am Main  |b Johan Wolfgang Goethe Universität  |c 1989 
300 |a 359 s. 
100 1 |a Uhlmann, Bernd